LEADER 01544nam--2200457---450- 001 990000669350203316 005 20060420120831.0 010 $a88-207-1851-0 035 $a0066935 035 $aUSA010066935 035 $a(ALEPH)000066935USA01 035 $a0066935 100 $a20011011d1990----km-y0itay0103----ba 101 $aita 102 $aIT 105 $a||||||||001yy 200 1 $aPsicologia della scrittura$fJean- Charles Gille-Maisani$gedizione italiana a cura di Nicole Boille Calendreau$g[traduzione italiana di Emanuela Boilla e Cristina Marotti] 210 $aNapoli$cLiguori$d1990 215 $a492 p.$cill.$d21 cm 225 2 $aBibliteca$iInconscio e cultura$x0391-3198$v16 312 $aPsychologie de l'écriture 410 $12001$aBibliteca$iInconscio e cultura$x0391-3198$v16 454 1$12001$aPsychologie de l'écriture$936145 606 0 $aGrafologia$xStudi 676 $a155.282 700 1$aGILLE-MAISANI,$bJean-Charles$0527910 702 1$aBOILLE CALENDREAU,$bNicole 702 1$aBOILLE,$bEmanuela 702 01$aMAROTTI,$bCristina 801 0$aIT$bsalbc$gISBD 912 $a990000669350203316 951 $aII.3. 2806(V E COLL 186/15)$b104782 LM$cV E COLL 959 $aBK 969 $aUMA 979 $aPATTY$b90$c20011011$lUSA01$h2258 979 $c20020403$lUSA01$h1716 979 $aPATTY$b90$c20020429$lUSA01$h1226 979 $aPATRY$b90$c20040406$lUSA01$h1646 979 $aCOPAT5$b90$c20060420$lUSA01$h1208 996 $aPsychologie de l'écriture$936145 997 $aUNISA LEADER 01600nam 2200445 450 001 9910163928203321 005 20230810002133.0 010 $a0-8077-7554-1 035 $a(CKB)3710000001055854 035 $a(MiAaPQ)EBC4803494 035 $a(DLC) 2016038879 035 $a(EXLCZ)993710000001055854 100 $a20170224h20172017 uy 0 101 0 $aeng 135 $aurcnu|||||||| 181 $2rdacontent 182 $2rdamedia 183 $2rdacarrier 200 10$aAssessing writing, teaching writers $eputting the analytic writing continuum to work in your classroom /$fMary Ann Smith & Sherry Seale Swain ; foreword by Jeffery D. Wilhelm ; afterword by Linda D. Friedrich 210 1$aNew York, New York ;$aLondon, [England] ;$aBerkeley, [California] :$cTeachers College Press :$cNational Writing Project,$d2017. 210 4$d©2017 215 $a1 online resource (129 pages) 225 1 $aLanguage and Literacy Series 311 $a0-8077-5812-4 320 $aIncludes bibliographical references and index. 410 0$aLanguage and literacy series (New York, N.Y.) 606 $aComposition (Language arts)$xStudy and teaching 615 0$aComposition (Language arts)$xStudy and teaching. 676 $a372.62/3 700 $aSmith$b Mary Ann$f1942-$01245589 702 $aSwain$b Sherry Seale 702 $aWilhelm$b Jeffrey D. 702 $aFriedrich$b Linda 801 0$bMiAaPQ 801 1$bMiAaPQ 801 2$bMiAaPQ 906 $aBOOK 912 $a9910163928203321 996 $aAssessing writing, teaching writers$92888760 997 $aUNINA